AC Milan Squad 2018-2019 - Statistics

General Stats
  • This quiz has been taken 43 times
  • The average score is 20 of 32
Answer Stats
# Position Nation Player % Correct
99 GK Italy Gianluigi Donnarumma
92%
90 GK Italy Antonio Donnarumma
90%
2 DF Italy Davide Calabria
90%
10 FW Turkey Hakan Çalhanoğlu
90%
19 FW Poland Krzysztof Piątek
90%
68 DF Switzerland Ricardo Rodríguez
87%
17 DF Colombia Cristián Zapata
85%
8 FW Spain Suso
85%
79 MF Ivory Coast Franck Kessié
79%
7 FW Spain Samu Castillejo
79%
13 DF Italy Alessio Romagnoli
77%
93 MF Uruguay Diego Laxalt
77%
9 FW Argentina Gonzalo Higuaín
77%
22 DF Argentina Mateo Musacchio
77%
25 GK Spain Pepe Reina
77%
21 MF Argentina Lucas Biglia
74%
14 MF France Tiémoué Bakayoko
67%
39 MF Brazil Lucas Paquetá
64%
63 FW Italy Patrick Cutrone
62%
12 DF Italy Andrea Conti
59%
- Coach Italy Gennaro Gattuso
54%
18 MF Italy Riccardo Montolivo
54%
5 MF Italy Giacomo Bonaventura
49%
11 FW Italy Fabio Borini
44%
23 DF Croatia Ivan Strinić
41%
20 DF Italy Ignazio Abate
33%
77 MF Croatia Alen Halilović
31%
33 DF Italy Mattia Caldara
31%
56 DF Czech Republic Stefan Simić
28%
16 MF Italy Andrea Bertolacci
26%
35 GK Italy Alessandro Plizzari
21%
4 MF Italy José Mauri
21%
No matching quizzes found
Score Distribution
Percent of People with Each Score
Percentile by Number Answered
Your Score History
You have not taken this quiz